Cómo enseñar con las nuevas tecnologías en la escuela de hoy / (Registro nro. 11241)

Detalles MARC
000 -LIDER
fixed length control field 00859nam a22002657a 4500
001 - NÚMERO DE CONTROL
Identificador de número de control 000449
003 - IDENTIFICACDOR DE NÚMERO DE CONTROL
control field DO-SdBNP
005 - DATE AND TIME OF LATEST TRANSACTION
control field 20171109093804.0
007 - CAMPOS FIJOS DE DESCRIPCIÓN FÍSICA
fixed length control field 000449
008 - ELEMENTOS DE LONGITUD FIJA
fixed length control field 160831b 2006 ag a ||||| |||| 00| 0 spa d
020 ## - ISBN
International Standard Book Number 9879418735
040 ## - FUENTE DE CATALOGACIÓN
Agencia que crea de manera original el registro BPMSU
Idioma de catalogación spa
Agencia que realiza la transcripción BPMSU
082 #4 - NÚMERO DE CLASIFICACIÓN DECIMAL DE DEWEY
Classification number 371.33
Item number F189c
100 1# - ASIENTO PRINCIPAL -- NOMBRE PERSONAL
Nombre personal Falieres, Nancy
245 10 - MENCIÓN DE TITULO
Título Cómo enseñar con las nuevas tecnologías en la escuela de hoy /
Mención de responsabilidad Nancy E. Falieres ; ilustraciones Jorge Alberto Mercado
260 ## - PUBLICACIÓN, DISTRIBUCIÓN, ETC. (PIE DE IMPRENTA)
Lugar de publicación, distribución, etc Buenos Aires :
Nombre del editor, distribuidor, etc. Circulo Latino Austral,
Fecha de publicación, distribución, etc 2006.
300 ## - DESCRIPCIÓN FÍSICA
Extensión 384 p. :
Otros detalles físicos il. ;
Dimensiones 28 cm.
650 #4 - ENCABEZAMIENTO DE MATERIA--TEMÁTICO
Término temático o nombre geográfico como elemento de entrada TECNOLOGÍA EDUCATIVA
650 #4 - ENCABEZAMIENTO DE MATERIA--TEMÁTICO
Término temático o nombre geográfico como elemento de entrada PEDAGOGÍA
700 12 - ASIENTO SECUNDARIO -- NOMBRE PERSONAL
Nombre personal Mercado, Jorge Alberto
Mención de responsabilidad il.
910 ## - VALIDACIÓN
Validación Validado. Control de calidad MFF
942 ## - ADDED ENTRY ELEMENTS (KOHA)
Source of classification or shelving scheme Dewey Decimal Classification
Koha item type Libros
945 ## - INFORMACIÓN DE PROCESAMIENTO LOCAL
Información de procesamiento local Inventariado extranjero / 2017 VM
956 ## - LOCAL ELECTRONIC LOCATION AND ACCESS (OCLC)
Método de acceso LOPEREZ
Materiales especificados 10
Enlace 20160831
Campo enlazado y núm. de secuencia BPMSU
Nombre de host 00041
Existencias
Withdrawn status Lost status Source of classification or shelving scheme Damaged status Not for loan Collection code Home library Current library Date acquired Source of acquisition Total Checkouts Full call number Barcode Date last seen Price effective from Koha item type Copy number
    Dewey Decimal Classification     Colección General Biblioteca Pública Metropolitana Salomé Ureña Biblioteca Pública Metropolitana Salomé Ureña 08/31/2016 Donación   371.33 F189c BPMSU16080322 08/31/2016 08/31/2016 Libros  
    Dewey Decimal Classification     Colección General Biblioteca Pública Metropolitana Salomé Ureña Biblioteca Pública Metropolitana Salomé Ureña 08/31/2016 Donación   371.33 F189c BPMSU16080321 08/31/2016 08/31/2016 Libros e. 2